Statistics for Kuwait Airways Destinations-Kuwait City

Click here to take the quiz!

General Stats

  • This quiz has been taken 48 times
  • The average score is 30 of 38

Answer Stats

Country Airport % Correct
USANew York
95%
UKLondon-Heathrow
95%
FranceParis
95%
IranTehran
93%
EgyptCairo
93%
GermanyFrankfurt
93%
UAEDubai
93%
UAEAbu Dhabi
93%
LebanonBeirut
93%
ItalyRome
93%
TurkeyIstanbul
90%
QatarDoha
90%
ItalyMilan-Malpensa
90%
JordanAmman
90%
IndiaMumbai
90%
GermanyMunich
88%
IndiaDelhi
88%
PhilippinesManila
88%
ThailandBangkok
88%
BangladeshDhaka
85%
OmanMuscat
85%
Saudi ArabiaRiyadh
85%
PakistanIslamabad
83%
PakistanLahore
83%
Sri LankaColombo
80%
SwitzerlandGeneva
78%
IndiaBangalore
75%
Saudi ArabiaJeddah
75%
IndiaChennai
73%
Saudi ArabiaDammam
68%
BahrainBahrain
65%
Saudi ArabiaMedina
58%
IndiaAhmedabad
55%
IranMashhad
50%
EgyptSharm-El-Sheikh
38%
IndiaCochin
35%
IraqNajaf
28%
IndiaThiruvananthapuram
25%

Score Distribution

Percentile by Number Answered

Percent of People with Each Score

Your Score History

You have not taken this quiz